| 000 | 00000nam##2200000za#4500 |
| 001 | 9.578904 |
| 003 | CaOODSP |
| 005 | 20230131161133 |
| 007 | cr ||||||||||| |
| 008 | 150406|2014||||xxc|||||o f|0| 0 eng|d |
| 020 | |a978-1-100-23176-1 |
| 022 | |a1914-525X |
| 040 | |aCaOODSP|beng |
| 043 | |an-cn--- |
| 086 | 1 |aM41-10/8-2014E-PDF |
| 110 | 2 |aGeological Survey of Canada. |
| 245 | 10|aAnalytical details of single- and multi-collection 40Ar/39Ar measurements for conventional step-heating and total-fusion age calculation using the Nu Noblesse at the Geological Survey of Canada / |h[electronic resource]|c[by] D. Kellett and N. Joyce. |
| 260 | |bNatural Resources Canada. |c2014. |
| 300 | |a30p.|bfigs., graphs, references, tables |
| 490 | 1 |aGeological Survey of Canada - technical note|x1914-525X|vNo. 8 |
| 590 | |a15-05|b2015-01-30 |
| 830 | #0|aGeological Survey of Canada - technical note,|x1914-525X|vNo. 8|w(CaOODSP)9.505226 |
| 856 | 40|ahttp://publications.gc.ca|qPDF|s6.68 MB|uhttps://publications.gc.ca/collections/collection_2015/rncan-nrcan/M41-10-8-2014-eng.pdf|yNo. 8 |